Statistics for Biggest American Retailers

Click here to take the quiz!

General Stats

  • This quiz has been taken 44 times
    (38 since last reset)
  • The average score is 7 of 20

Answer Stats

Retailer % Correct
Wal-Mart
100%
Target
88%
Sears
56%
Macy's
53%
Costco
47%
Home Depot
44%
Amazon.com
41%
CVS
41%
Lowe's
41%
Best Buy
38%
Kroger
35%
Walgreens
35%
Apple Store
29%
Safeway
26%
McDonald's
21%
Rite Aid
15%
Publix
12%
H-E-B
0%
Royal Ahold
0%
TJX
0%

Score Distribution

Percentile by Number Answered

Percent of People with Each Score

Your Score History

You have not taken this quiz since the last reset